Most mutasd meg! önkéntesek bevonásának lehetőségei a győri EYOF /
2017-ben megrendezésre kerül az első magyarországi olimpiai esemény, ugyanis Győr szervezi a nyári Európai Ifjúsági Olimpiai Fesztivált1 . A rendezvény számos lehetőséget és nemzetközi kitörési pontot tartogat, melyeket érdemes előzetesen is számba vennünk. Kutatásunkban az identitásmarketing szakir...
Elmentve itt :
| Szerzők: | |
|---|---|
| Dokumentumtípus: | Könyv része |
| Megjelent: |
2014
|
| Sorozat: | „Marketing megújulás” : Marketing Oktatók Klubja 20. Konferenciája előadásai
|
| Kulcsszavak: | Önkéntesség, Marketing |
| Online Access: | http://acta.bibl.u-szeged.hu/57655 |
| LEADER | 02103naa a2200205 i 4500 | ||
|---|---|---|---|
| 001 | acta57655 | ||
| 005 | 20260224081030.0 | ||
| 008 | 190527s2014 hu o 100 hun d | ||
| 020 | |a 978-963-306-312-5 | ||
| 040 | |a SZTE Egyetemi Kiadványok Repozitórium |b hun | ||
| 041 | |a hun | ||
| 100 | 2 | |a Eisingerné Balassa Boglárka | |
| 245 | 1 | 0 | |a Most mutasd meg! |h [elektronikus dokumentum] : |b önkéntesek bevonásának lehetőségei a győri EYOF / |c Eisingerné Balassa Boglárka |
| 260 | |c 2014 | ||
| 300 | |a 203-212 | ||
| 490 | 0 | |a „Marketing megújulás” : Marketing Oktatók Klubja 20. Konferenciája előadásai | |
| 520 | 3 | |a 2017-ben megrendezésre kerül az első magyarországi olimpiai esemény, ugyanis Győr szervezi a nyári Európai Ifjúsági Olimpiai Fesztivált1 . A rendezvény számos lehetőséget és nemzetközi kitörési pontot tartogat, melyeket érdemes előzetesen is számba vennünk. Kutatásunkban az identitásmarketing szakirodalmából kiindulva, a városi sportesemények marketingjén keresztül a területidentitás kialakításának hatékonyságáig jutunk el. A kulturális és sportesemények gazdaságfejlesztő szerepére mutat rá az EYOF megrendezése, melyet a korábbi szervezések tapasztalatai alapján ismertetünk. Számba vesszük a várható nemzetközi imázshatásokat, a társadalmi – gazdasági – politikai fejlődési lehetőségeket. Kitérünk a Győr előtt álló aktuális kihívásokra, és azok teljesíthetőségére is. Megoldási javaslataink között különösen koncentrálunk a helyi lakosság bevonására és aktivizálására, amely a szervezés egyik kulcseleme. Előadásunk célja, hogy a nagyrendezvények fejlesztési hatásmechanizmusán keresztül feltárja az olimpiai fesztivál szervezésében rejlő lehetőségeket Győr számára. Egyúttal releváns, gyakorlati területen is alkalmazható ismeretanyagot kínálunk a győri EYOFszervezők felé. | |
| 695 | |a Önkéntesség, Marketing | ||
| 700 | 0 | 1 | |a Gábora Bernadett |e aut |
| 856 | 4 | 0 | |u http://acta.bibl.u-szeged.hu/57655/1/marketing_megujulas_203-212.pdf |z Dokumentum-elérés |